| 000 | 01046nam a2200337 i 4500 | ||
|---|---|---|---|
| 001 | 15964525 | ||
| 003 | EG-ScBUE | ||
| 005 | 20230404111229.0 | ||
| 008 | 200510s2021 enka f b 001 0 eng d | ||
| 020 | _a9781786277855 | ||
| 035 | _a(NhCcYBP)om1012343158 | ||
| 035 | _a15964525 | ||
| 040 |
_aNhCcYBP _beng _erda _cNhCcYBP _dEG-ScBUE |
||
| 082 | 0 | 4 |
_222 _a770.9 _bMAR |
| 100 | 1 |
_aMarien, Mary Warner, _eauthor. |
|
| 245 | 1 | 0 |
_aPhotography : _ba cultural history / _cMary Warner Marien. |
| 250 | _aFifth edition. | ||
| 264 | 1 |
_aLondon : _bLaurence King Publishing, _c2021. |
|
| 300 |
_axv, 552 pages : _billustrations (some color) ; _c30 cm |
||
| 336 |
_atext _btxt _2rdacontent |
||
| 336 |
_astill image _bsti _2rdacontent |
||
| 337 |
_aunmediated _bn _2rdamedia |
||
| 338 |
_avolume _bnc _2rdacarrier |
||
| 504 | _aIncludes bibliographical references and index. | ||
| 650 | 7 |
_aPhotography _xHistory. _2BUEsh |
|
| 653 |
_bART _cApril2023 |
||
| 655 | _vReading book | ||
| 942 |
_2ddc _cBB |
||
| 960 | _a39002134518852 | ||
| 987 | _cON ORDER | ||
| 999 |
_c30265 _d30236 |
||